Manual para el diseño de sistemas de amortiguamiento en embalajes / (Record no. 217905)
[ view plain ]
| 000 -CABECERA | |
|---|---|
| campo de control de longitud fija | 01046nam a2200289 a 4500 |
| 003 - IDENTIFICADOR DEL NÚMERO DE CONTROL | |
| campo de control | CHAP |
| 005 - FECHA Y HORA DE LA ÚLTIMA TRANSACCIÓN | |
| campo de control | 20230313115358.0 |
| 007 - CAMPO FIJO DE DESCRIPCIÓN FÍSICA--INFORMACIÓN GENERAL | |
| campo de control de longitud fija | ta |
| 008 - DATOS DE LONGITUD FIJA--INFORMACIÓN GENERAL | |
| campo de control de longitud fija | 221130s2021mx spaado|f |||| 001 0 spa d |
| 040 ## - FUENTE DE LA CATALOGACIÓN | |
| Centro catalogador/agencia de origen | mxchpua |
| Centro/agencia transcriptor | CHAP |
| Normas de descripción | rda |
| 050 10 - SIGNATURA TOPOGRÁFICA DE LA BIBLIOTECA DEL CONGRESO | |
| Número de clasificación | TP374 |
| Número de documento/Ítem | .R63 2021 |
| 082 00 - NÚMERO DE LA CLASIFICACIÓN DECIMAL DEWEY | |
| Número de clasificación | 688.8 |
| Número de documento/Ítem | R63 2021 |
| 100 1# - ENTRADA PRINCIPAL--NOMBRE DE PERSONA | |
| Nombre de persona | Rodríguez Tarango, José Antonio |
| 9 (RLIN) | 153250 |
| 245 ## - MENCIÓN DE TÍTULO | |
| Título | Manual para el diseño de sistemas de amortiguamiento en embalajes / |
| Mención de responsabilidad, etc. | José Antonio Rodríguez Tarango |
| 250 ## - MENCIÓN DE EDICIÓN | |
| Mención de edición | 1a edición |
| 264 ## - PRODUCCIÓN, PUBLICACIÓN, DISTRIBUCIÓN, FABRICACIÓN Y COPYRIGHT | |
| Producción, publicación, distribución, fabricación y copyright | México : |
| Nombre del de productor, editor, distribuidor, fabricante | Instituto Mexicano de Profesionales en Envase y Embalaje, |
| Fecha de producción, publicación, distribución, fabricación o copyright | 2021 |
| 300 ## - DESCRIPCIÓN FÍSICA | |
| Extensión | 332 páginas : |
| Otras características físicas | ilustraciones, gráficas, tablas, diagramas, fotos |
| 336 ## - TIPO DE CONTENIDO | |
| Fuente | rdacontent |
| Término de tipo de contenido | texto |
| Código de tipo de contenido | txt |
| 337 ## - TIPO DE MEDIO | |
| Fuente | rdamedia |
| Nombre/término del tipo de medio | sin medio |
| Código del tipo de medio | n |
| 338 ## - TIPO DE SOPORTE | |
| Fuente | rdacarrier |
| Nombre/término del tipo de soporte | volumen |
| Código del tipo de soporte | nc |
| 490 1# - MENCIÓN DE SERIE | |
| Mención de serie | Enciclopedia IMPEE de Ingeniería y Diseño de Envases y Embalaje |
| Designación de volumen o secuencia | 9 |
| 650 13 - PUNTO DE ACCESO ADICIONAL DE MATERIA--TÉRMINO DE MATERIA | |
| 9 (RLIN) | 156185 |
| Término de materia o nombre geográfico como elemento de entrada | Envasado |
| 650 13 - PUNTO DE ACCESO ADICIONAL DE MATERIA--TÉRMINO DE MATERIA | |
| 9 (RLIN) | 153618 |
| Término de materia o nombre geográfico como elemento de entrada | Materiales para envasado |
| 650 13 - PUNTO DE ACCESO ADICIONAL DE MATERIA--TÉRMINO DE MATERIA | |
| 9 (RLIN) | 159779 |
| Término de materia o nombre geográfico como elemento de entrada | Packaging |
| 650 13 - PUNTO DE ACCESO ADICIONAL DE MATERIA--TÉRMINO DE MATERIA | |
| 9 (RLIN) | 153619 |
| Término de materia o nombre geográfico como elemento de entrada | Packaging materials |
| 942 ## - ELEMENTOS DE PUNTO DE ACCESO ADICIONAL (KOHA) | |
| Fuente del sistema de clasificación o colocación | Dewey Decimal Classification |
| Tipo de ítem Koha | |
| Estado de retiro | Estado de pérdida | Fuente del sistema de clasificación o colocación | Estado dañado | Restricciones de uso | No para préstamo | Código de colección | Localización permanente | Ubicación/localización actual | Fecha de adquisición | Fuente de adquisición | Número de inventario | Total de préstamos | Signatura topográfica completa | Código de barras | Fecha visto por última vez | Fecha del último préstamo | Número de copia | Precio válido a partir de | Tipo de ítem Koha |
|---|---|---|---|---|---|---|---|---|---|---|---|---|---|---|---|---|---|---|---|
| Dewey Decimal Classification | Préstamo 5 días | General | Ingenieria Agroindustrial | Ingenieria Agroindustrial | 10/11/2022 | Compra Carvann Books F. C 69 | 275288 | 1 | 688.8 R63 2021 | 1102014389 | 22/05/2025 | 14/05/2025 | Ej. 2 | 10/11/2022 | Libro | ||||
| Dewey Decimal Classification | Préstamo interno | General | Ingenieria Agroindustrial | Ingenieria Agroindustrial | 10/11/2022 | Compra Carvann Books F. C 69 | 275279 | 688.8 R63 2021 | 1102014388 | 30/11/2022 | Ej. 1 | 15/02/2023 | Libro |
